| 000 | 01086cab a22002295a 4500 | ||
|---|---|---|---|
| 001 | L158391 | ||
| 008 | 150129e2014 xxk 000 0 eng d | ||
| 035 | _a(Sirsi) u158391 | ||
| 041 | 0 | _aeng | |
| 100 | 1 | _aConner, Nick | |
| 245 | 0 | 0 |
_aBattle of the boards _bSale and letting displays |
| 260 | _c2014 | ||
| 490 |
_aLetting Update Journal _v22(4) January 2014, 16-19(4) |
||
| 520 | _aExplores the legislative framework outlined in the Town and Country Planning Act 1990 and The Town and Country Planning (Control of Advertisements) England Regulations 2007 governing the display of estate agents for sale and to let boards. Local planning authorities are responsible for the control of advertisement boards in their areas and have powers to designate areas of special control advertisements | ||
| 590 | _aKA | ||
| 650 | 2 | 4 | _aTOWN AND COUNTRY PLANNING ACT 1990 |
| 650 | 2 | 4 | _aTOWN AND COUNTRY PLANNING (CONTROL OF ADVERTISEMENTS) (ENGLAND) REGULATIONS 2007 |
| 651 | 4 | _aEngland | |
| 690 |
_aPlanning and development _96259 |
||
| 690 |
_aResidential property _96266 |
||
| 942 | _n0 | ||
| 999 |
_c84583 _d84583 |
||